[Event "Moscow Open RSSU Cup 2020"]
[Site "Moscow"]
[Date "2020.01.31"]
[Round "7.3"]
[White "Petrosyan, Manuel"]
[Black "Faizrakhmanov, Ramil"]
[Result "1-0"]
[WhiteElo "2590"]
[BlackElo "2455"]
[Annotator "TA"]
[PlyCount "136"]
[EventDate "2020.01.25"]
[EventType "swiss"]
[EventCountry "RUS"]
[SourceTitle "playchess.com"]
[Source "ChessBase"]
[SourceQuality "1"]

{[%evp 9,136,20,38,28,34,34,30,22,36,21,35,17,37,29,40,34,47,40,58,50,42,54,48,49,56,53,46,53,51,49,69,62,69,53,76,64,66,57,91,52,54,58,94,67,64,63,98,59,60,59,63,34,43,35,46,38,43,40,38,38,51,18,31,14,55,55,55,55,68,55,55,0,62,55,176,193,173,166,182,181,188,188,349,338,415,418,417,413,406,387,450,331,659,636,636,634,599,593,591,74,386,345,1266,1157,881,801,7030,617,29965,29965,29967,29970,29970,29971,29972,29973,29973,29974,29973,29974,29974,29974,29973,29974,29977,29977,29975,29975,29993]} 1. c4 Nf6 2. Nf3 e6 3. Nc3 d5 4. d4 a6 5. cxd5 exd5 6. Bg5 {D37: Queen's Gambit Declined: 5 Bf4} Be6 7. e3 Nbd7 8. h3 {White has an edge.} Bd6 9. Bd3 O-O 10. Bf4 Qe7 11. O-O h6 12. Ne5 {[#]} c5 $146 ({Predecessor:} 12... Rfc8 13. Bg3 c5 14. f4 cxd4 15. exd4 Ne4 16. Nxe4 dxe4 17. Bxe4 Nf6 18. Bf3 {1-0 (18) Duzhakov,I (2405)-Enchev,I (2490) Skopje 2019}) 13. Nxd7 Bxd7 14. Bxd6 Qxd6 15. dxc5 Qxc5 16. Rc1 {[%cal Ba1c1,Bc1c2,Bc2c7][%mdl 32]} Qb4 17. Rc2 Ba4 18. Nxa4 Qxa4 19. a3 Rfd8 20. Rc7 Qxd1 21. Rxd1 Rab8 22. Bb1 Rd6 23. b4 Rc6 24. Rc1 (24. Rxc6 {with more complications.} bxc6 25. Rc1 a5 26. bxa5 c5 27. a6) 24... Rxc1+ 25. Rxc1 $14 {[%mdl 4096] Endgame KRB-KRN} Ne8 26. Ba2 Rd8 27. Kf1 Kf8 28. Ke2 Rd7 29. Bb3 Ke7 30. Rc5 Nc7 31. Ba4 b5 $1 {[%cal Rb5a4]} 32. Bb3 Kd6 33. Rc1 Re7 34. Rd1 Re8 35. f3 Kc6 36. a4 Rb8 37. a5 Re8 38. h4 h5 39. Rd4 Re5 40. Rd1 Re8 41. Kf2 g6 {[#]} (41... f5 $14) 42. e4 $1 $18 {[%mdl 512]} Re5 (42... dxe4 43. Bxf7) 43. Rd4 dxe4 44. Bxf7 exf3 45. gxf3 Ne6 $2 (45... g5 {keeps fighting.} 46. Bxh5 gxh4) 46. Be8+ Kc7 47. Rd7+ Kc8 {[#] Strongly threatening ...Nf8.} 48. Rd6 Nf4 49. Bxg6 Re2+ 50. Kg3 Nxg6 $2 (50... Kc7) 51. Rxg6 {KR-KR} Rb2 52. Kf4 Rxb4+ 53. Kg5 Rb3 54. Rc6+ $2 (54. Rxa6 $18 {has better winning chances. aiming for f4.} Rxf3 55. Kxh5) 54... Kd7 $2 {[%mdl 8192]} (54... Kb7 $16 55. Rb6+ Ka7) 55. Rxa6 Rxf3 $2 (55... b4 56. f4 (56. Kxh5 Rxf3 57. Rb6 Rf5+ 58. Kg6 Rxa5 $18) 56... Rg3+ 57. Kxh5 Rd3) 56. Rb6 Rb3 57. Kxh5 Kc7 58. Kg5 Rb1 59. h5 {White mates.} b4 60. h6 b3 61. h7 Rg1+ 62. Kf6 Rf1+ 63. Kg7 Rg1+ 64. Kh8 Rb1 65. Rb4 Kd6 66. a6 {[%cal Ba5a6,Ba6a7][%mdl 32]} Ke6 67. a7 Ra1 68. Kg8 Kd5 {Accuracy: White = 87%, Black = 64%.} 1-0

[Event "Moscow Open RSSU Cup 2020"]
[Site "Moscow"]
[Date "2020.01.31"]
[Round "7.4"]
[White "Triapishko, Alexandr"]
[Black "Bykov, Egor"]
[Result "1/2-1/2"]
[WhiteElo "2510"]
[BlackElo "2384"]
[Annotator "TA"]
[PlyCount "93"]
[EventDate "2020.01.25"]
[EventType "swiss"]
[EventCountry "RUS"]
[SourceTitle "playchess.com"]
[Source "ChessBase"]
[SourceQuality "1"]

{[%evp 18,93,0,-6,-3,-4,11,-18,-15,-18,24,19,17,-27,30,32,30,19,28,30,27,9,9,13,12,-20,27,-5,-6,-10,0,0,34,28,49,43,79,68,72,64,97,54,54,54,82,91,91,87,96,70,191,187,186,189,193,191,198,170,195,105,116,10,10,10,10,10,10,16,68,66,66,8,26,0,0,0,0,-8]} 1. e4 e5 2. Nc3 Nf6 3. Nf3 Nc6 4. g3 d5 5. exd5 Nxd5 6. Bg2 Nxc3 7. bxc3 Bc5 8. O-O O-O 9. d3 Bg4 10. h3 Bh5 {C47: Scotch Four Knights and Four Knights with 4 g3} 11. Qe1 Re8 {[#]} 12. Nh4 $146 ({Predecessor:} 12. a4 f5 13. Nh4 Qf6 14. a5 a6 15. Ra4 Bf7 16. Be3 Bd6 17. Nf3 Bd5 18. Qb1 {1-0 (54) Fedoseev,V (2670)-Swapnil,S (2500) Abu Dhabi 2016}) 12... f6 13. Qe4 {Qc4+ is the strong threat.} Kh8 14. a4 Bb6 15. Rb1 Qd7 (15... Rb8 $142) 16. Qf5 $11 Qxf5 17. Nxf5 Rab8 18. g4 Bf7 19. Ba3 Be6 20. Ne3 Bd7 21. Nd5 Ba5 22. f4 exf4 23. Rxf4 Re2 24. Rf2 Rxf2 25. Kxf2 Ne5 26. Bb4 $36 {[%mdl 2048] White is more active.} Bxb4 27. Rxb4 c5 28. Rb2 $1 Kg8 29. c4 Bxa4 30. Ra2 Bd7 31. Rxa7 Nc6 32. Ra2 Kf7 33. Rb2 Ne5 {[#]} ({Black should play} 33... Ke6 $14) 34. Nc7 $1 $18 Bc6 {[#]} 35. Na6 $1 {[%cal Ra6b8][%mdl 512]} Rc8 (35... bxa6 36. Rxb8) 36. Bxc6 bxa6 {[%mdl 4096] Endgame KRB-KRN} 37. Bd5+ Kg6 38. Rb6 (38. Be4+ $18 Kf7 39. Rb6 (39. Bxh7 g6 $16)) 38... h5 $16 39. Kg3 ({Much worse is} 39. Rxa6 $6 hxg4 40. Be6 Rb8 $11) (39. gxh5+ $16 Kxh5 40. Rxa6) 39... hxg4 $11 40. hxg4 {Strongly threatening Kf4.} Kg5 $1 41. Rxa6 Rb8 42. Ra5 Rb2 (42... Nxg4 $11 43. Rxc5 f5) 43. Rxc5 $14 Rxc2 44. Bf3 ({Better is} 44. Bg2 $1 $14) 44... Rd2 $1 $11 {[%cal Rd2d3]} 45. Rd5 {Hoping for d4.} Rxd3 46. Rxd3 Nxd3 47. Be2 {Accuracy: White = 62%, Black = 70%.} 1/2-1/2

[Event "Moscow Open RSSU Cup 2020"]
[Site "Moscow"]
[Date "2020.01.31"]
[Round "7.5"]
[White "Pogosyan, Stefan"]
[Black "Pridorozhni, Aleksei"]
[Result "0-1"]
[WhiteElo "2477"]
[BlackElo "2601"]
[Annotator "TA"]
[PlyCount "132"]
[EventDate "2020.01.25"]
[EventType "swiss"]
[EventCountry "RUS"]
[SourceTitle "playchess.com"]
[Source "ChessBase"]
[SourceQuality "1"]

{[%evp 17,132,14,26,0,0,0,2,0,10,0,0,0,-3,-10,-5,-16,48,48,49,52,55,0,49,0,0,0,0,-18,31,17,19,22,17,17,35,18,26,25,17,31,39,40,42,42,45,43,120,41,110,109,131,140,107,141,139,154,142,127,102,0,0,-8,-8,-8,-8,-35,-38,-631,-617,-610,-586,-575,-554,-560,-491,-491,-487,-487,-484,-466,-455,-407,-393,-393,-386,-380,-378,-354,-329,-312,-187,-289,-289,-524,-513,-939,-939,-921,-896,-969,-434,-866,-881,-9649,-7731,-12141,-12134,-29981,-29982,-29982,-29983,-29983,-29984,-29984,-29985,-29985,-29986]} 1. c4 e6 2. Nc3 d5 3. d4 Be7 4. Nf3 Nf6 5. Bg5 h6 6. Bh4 Ne4 7. Bxe7 Qxe7 8. e3 O-O 9. Rc1 c6 10. h4 {D56: Queen's Gambit Declined: Lasker Defence} Nd7 11. g4 Nxc3 12. Rxc3 {The position is equal.} e5 13. cxd5 cxd5 14. g5 e4 15. Nd2 Nb6 16. Qh5 Kh7 ({Black should try} 16... Na4 $11 17. Rb3 (17. gxh6 g6 $15) 17... Bf5) 17. gxh6 $1 $14 {[#]} g6 $146 ({Predecessor:} 17... gxh6 18. f3 Bd7 19. fxe4 Na4 20. Rc7 Qd6 21. e5 Qxc7 22. Bd3+ f5 23. exf6+ {1-0 (23) Colpe,M (2412)-Stork,O (2048) Lueneburg 2017}) 18. Qg5 f6 19. Qf4 Bd7 $1 20. Bh3 Rac8 21. Bxd7 Qxd7 22. f3 ({Much worse is} 22. h5 g5 $17) 22... Qf5 (22... exf3 {is interesting.} 23. Qxf3 Kxh6 24. Rxc8 Nxc8 25. Nb1 Kg7) 23. h5 {Rc7+ is the strong threat.} Qxf4 24. hxg6+ Kxg6 25. exf4 Rxc3 26. bxc3 $11 {[%mdl 4096] Endgame KRN-KRN} f5 27. Nf1 Nc4 28. Kf2 Rh8 29. Ng3 Nd6 30. fxe4 dxe4 31. d5 Nf7 (31... Rxh6 $14 32. Rxh6+ Kxh6) 32. Ke3 (32. h7 $16) 32... Nxh6 (32... Rc8 $14) 33. Kd4 $16 Re8 34. c4 b6 35. a4 e3 36. a5 Ng4 {intending ...e2.} 37. axb6 axb6 {Black wants to play ...e2.} 38. Rb1 ({Better is} 38. Re1 $16) 38... e2 $11 39. Re1 Re3 40. d6 {Black must now prevent d7.} Rxg3 {KRN-KR} 41. d7 (41. Rxe2 $5 {[%cal Rd6d7]} Nf6 42. Re6 $11) 41... Nf2 42. Kd5 $2 {[%mdl 8192]} (42. Rxe2 $15 Rd3+ 43. Ke5) 42... Rd3+ $19 43. Kc6 Kf7 44. Rxe2 Ne4 45. Kxb6 Ke7 46. Rh2 Rd6+ 47. Kb5 Rxd7 48. Rh7+ Kd8 49. Rh8+ Kc7 50. Rf8 Nd6+ 51. Kc5 Nf7 52. Re8 {[#]} Nd8 $1 53. Re5 Nb7+ (53... Rf7 $142 54. Re1 Kd7 55. Rd1+ Ke8) 54. Kb4 {[#]} (54. Kb5 $142) 54... Rf7 $1 55. c5 $2 (55. Kc3 {was called for.}) 55... Nd8 {Threatens to win with ...Nc6+.} 56. Kc4 (56. Kc3 $142 Rf6 57. Re7+ Kc8 58. Kd3) 56... Nc6 57. Rd5 Rf6 58. Kb5 Ne7 (58... Re6 $142 59. Kc4 Re4+ {[%mdl 64] Double Attack} 60. Kb3 Nd4+ 61. Kc3 Nb5+ 62. Kd3 Rxf4) 59. Rd4 (59. Rd1 $142) 59... Re6 60. Ra4 Nc6 61. Rc4 Re4 62. Rxe4 fxe4 {Black mates.} 63. Kc4 Kd7 64. Kc3 Ke6 65. Kd2 Kf5 66. Ke3 Ne7 {Accuracy: White = 60%, Black = 81%.} 0-1

[Event "Moscow Open RSSU Cup 2020"]
[Site "Moscow"]
[Date "2020.01.31"]
[Round "7.6"]
[White "Kozionov, Kirill"]
[Black "Volkov, Sergey"]
[Result "0-1"]
[WhiteElo "2466"]
[BlackElo "2575"]
[Annotator "TA"]
[PlyCount "102"]
[EventDate "2020.01.25"]
[EventType "swiss"]
[EventCountry "RUS"]
[SourceTitle "playchess.com"]
[Source "ChessBase"]
[SourceQuality "1"]

{[%evp 12,102,32,18,34,35,45,27,30,10,43,19,18,9,10,13,14,16,43,37,39,22,27,16,40,30,85,32,45,13,19,16,15,14,19,26,16,11,15,13,25,23,19,14,50,-40,-16,-84,-87,-70,-43,-36,0,-8,-6,-47,-50,-56,-14,-94,-86,-70,-75,-88,-62,-78,-68,-167,-175,-158,-85,-125,-43,-45,-43,-35,-4,-8,-8,-205,-151,-1282,-1281,-1199,-928,-29993,-29994,-29994,-29995,-29995,-29992,-29992,-29993]} 1. d4 d5 2. c4 c6 3. Nf3 Nf6 4. Nc3 a6 5. c5 Bf5 6. Bf4 Nbd7 7. h3 e6 {D15: Slav Defence: 4 Nc3 a6 and gambit lines after 4 Nc3 dxc4} 8. e3 Be7 9. Nd2 h6 {[#] White has an edge.} 10. b4 $146 ({Predecessor:} 10. Be2 g5 11. Bg3 h5 12. Qb3 h4 13. Bh2 b6 14. cxb6 Nxb6 15. Rc1 Kf8 16. Na4 {1-0 (43) Postny,E (2577)-Moutousis,K (2450) Peristeri 2010}) 10... Bh7 11. Nb3 O-O 12. Bd3 Bxd3 13. Qxd3 Re8 14. O-O Bf8 15. Bh2 e5 16. a4 g6 17. b5 a5 18. Rab1 Bg7 (18... exd4 $11 19. exd4 (19. Qxd4 Ne4 $15) 19... Ne4) 19. Nd2 (19. dxe5 $16 Nxe5 20. Bxe5 Rxe5 21. bxc6 bxc6 22. Nd4) 19... Nh7 20. bxc6 bxc6 21. Ne2 Nhf8 22. Bxe5 Nxe5 23. dxe5 Bxe5 24. Nd4 Bxd4 25. exd4 Ne6 {White must now prevent ...Nf4.} 26. g3 Qf6 27. Nf3 Ng5 28. Nxg5 (28. Ne5 $1 $14) 28... hxg5 $15 29. Rb6 {[#]} (29. Kg2 $11) 29... Kg7 $1 $17 30. f4 gxf4 31. Rxf4 Qe6 32. Kg2 Ra7 33. Rf1 f5 34. Rfb1 Ree7 35. Rf1 (35. Qd2 $11 {remains equal.}) 35... Qf6 36. Rf4 Re6 37. Rb2 Qe7 38. Rf3 Re4 39. Rb6 (39. Qd2 $15) 39... Qe8 $19 40. Rb2 Qe6 (40... Rae7 $142 41. h4 Re3 42. Rxe3 Rxe3) 41. Rbf2 Re7 (41... Rb7 $17 42. Qa6 Rb1 43. Qa7+ Qe7 44. Qxe7+ Rxe7) 42. Qd2 $15 Rb7 43. Qxa5 Re1 44. h4 $1 Qe4 {[#] Threatens to win with ...Re3.} 45. Qd8 $2 (45. Qd2 $1 $11 {and White is okay.}) 45... Qxd4 46. h5 $2 (46. Qd6 $17) 46... Qd1 $19 47. h6+ Kh7 {( -> ...Rg1+)} 48. Qf6 Rg1+ {Black mates.} 49. Kh3 Rh1+ 50. Rh2 Rxh2+ 51. Kxh2 Qxf3 {Accuracy: White = 60%, Black = 79%.} 0-1

[Event "Moscow Open RSSU Cup 2020"]
[Site "Moscow"]
[Date "2020.01.31"]
[Round "7.7"]
[White "Sychev, Klementy"]
[Black "Golubov, Saveliy"]
[Result "1-0"]
[WhiteElo "2563"]
[BlackElo "2469"]
[Annotator "TA"]
[PlyCount "67"]
[EventDate "2020.01.25"]
[EventType "swiss"]
[EventCountry "RUS"]
[SourceTitle "playchess.com"]
[Source "ChessBase"]
[SourceQuality "1"]

{[%evp 22,67,139,127,132,139,145,152,152,154,147,144,155,142,147,142,179,191,190,183,271,214,238,212,373,247,268,257,210,208,276,277,283,254,509,277,256,278,254,271,269,278,466,460,1124,1079,1006,954]} 1. d4 Nf6 2. c4 g6 3. Nc3 Bg7 4. e4 d6 5. Nf3 O-O 6. Be2 Bg4 7. Be3 Nc6 8. d5 Bxf3 9. Bxf3 Na5 10. Be2 c5 11. Rc1 Nd7 12. O-O Nb6 {E91: King's Indian: Classical: 6 Be2, unusual replies including 6...c5 and 6...Bg4} 13. b3 {[#]} e6 $146 ({Predecessor:} 13... e5 14. dxe6 fxe6 15. Nb5 Nc8 16. Bg4 Qe7 17. Qd2 Nc6 18. Rcd1 Rd8 19. Bg5 Bf6 20. Bxf6 Qxf6 21. Nc7 Rb8 22. Bxe6+ Kh8 23. Bh3 Nd4 24. Nb5 Nxb5 25. cxb5 Ne7 26. Qa5 Ra8 27. Qc7 {1-0 (27) Miguel,A-Root,D Lone Pine 1979}) 14. Qd2 exd5 {White is clearly better.} 15. exd5 Nd7 16. Rfe1 Re8 17. Bf1 a6 18. Bf4 Be5 19. Ne4 Qc7 20. g3 f5 (20... Re7 $142 21. Bxe5 Nxe5) 21. Ng5 Bxf4 22. Qxf4 ({Weaker is} 22. gxf4 Nf8 $16) 22... Ne5 $2 {[#]} (22... Nf6 {is a better defense.} 23. Ne6 Qd7) 23. Ne6 Rxe6 24. dxe6 Nac6 {If only Black now had time for ...Nd4....} 25. Rcd1 Re8 26. Bg2 Nd4 27. Bd5 Qg7 $2 {[#]} (27... Qe7 28. Rxd4 cxd4 29. Qxd4 Rc8) 28. h4 h6 29. Kg2 g5 30. hxg5 hxg5 31. Qd2 ({But not} 31. e7+ $6 Kh7 $18) 31... f4 $2 (31... Qf6 32. Rh1 f4 33. Bxb7 Qf5) 32. e7+ $18 {White is clearly winning.} Kh7 (32... Nf7 $142 33. Qd3 a5 34. Bxb7 Qf6 35. gxf4 gxf4) 33. Rh1+ Kg6 34. gxf4 {Accuracy: White = 73%, Black = 52%.} 1-0

[Event "Moscow Open RSSU Cup 2020"]
[Site "Moscow"]
[Date "2020.01.31"]
[Round "7.8"]
[White "Sindarov, Javokhir"]
[Black "Makarian, Rudik"]
[Result "1/2-1/2"]
[WhiteElo "2537"]
[BlackElo "2403"]
[Annotator "TA"]
[PlyCount "176"]
[EventDate "2020.01.25"]
[EventType "swiss"]
[EventCountry "RUS"]
[SourceTitle "playchess.com"]
[Source "ChessBase"]
[SourceQuality "1"]

{[%evp 12,176,8,2,24,0,2,2,16,25,16,14,30,23,23,26,37,24,31,12,28,0,10,-22,-10,-20,-12,-7,0,-33,0,0,0,0,0,0,10,6,428,417,514,0,520,496,539,536,520,502,491,473,725,704,703,185,187,183,200,203,200,194,198,183,183,183,183,183,183,183,472,460,412,366,918,933,912,907,832,852,844,776,816,205,1198,121,133,55,55,50,50,39,50,0,138,8,8,8,8,8,50,50,50,8,50,8,50,8,50,8,8,8,8,8,8,8,8,8,8,8,8,8,8,8,8,8,8,8,8,8,8,8,8,8,8,8,8,8,8,8,8,8,8,8,8,8,8,8,8,8,8,8,8,8,8,8,8,8,8,0,8,8,8,8,8,-8,-8,-8,-8]} 1. d4 Nf6 2. Nf3 g6 3. Bg5 Bg7 4. Nbd2 d5 5. e3 O-O 6. Be2 c5 7. c3 cxd4 {D03: 1 d4 d5 2 Nf3 Nf6 3 Bg5, including Torre Attack with early ...d5} 8. cxd4 Nc6 9. O-O Bg4 10. h3 Bxf3 11. Bxf3 e6 {[#]} 12. a3 $146 ({Predecessor:} 12. Nb3 b6 13. Qd3 Qd7 14. a3 Rac8 15. Rfc1 Nb8 16. Bf4 Rxc1+ 17. Rxc1 Rc8 18. Be2 Rxc1+ 19. Nxc1 {½-½ (43) Khlian,E (2455)-Turov,M (2345) Azov 1995}) 12... Qb6 13. Qb3 Nd7 14. Rac1 Rfc8 15. Qa2 Bf8 16. Be2 Ne7 17. b4 a5 18. b5 a4 19. g4 Qa5 20. e4 dxe4 21. Bc4 $36 {[%mdl 2048] White is more active.} Qb6 22. Be3 {[#]} Nd5 $1 {[%mdl 512]} 23. Nxe4 (23. Bxd5 exd5) 23... Nxe3 24. fxe3 Ne5 $2 {[%mdl 8192]} (24... Qd8 $11) 25. Qf2 $1 $18 (25. dxe5 Qxe3+ 26. Qf2 Qxe4 $11) 25... Nxc4 26. Qxf7+ Kh8 {[#]} 27. Rxc4 $1 {[%mdl 512] Intending Nf6! and mate.} Bg7 (27... Rxc4 28. Nf6 Bg7 29. Ne8 Bh6 30. Qf8+ $1 {[%mdl 512]} Bxf8 31. Rxf8#) 28. Rxc8+ Rxc8 29. Ng5 Qd6 30. Qxb7 Qg3+ {[#]} (30... Qb8 $142 31. Qxb8 Rxb8 32. Nxe6 Rxb5) 31. Kh1 $1 Rb8 32. Qf3 $2 (32. Qa7 {Hoping for Rg1.} Rc8 33. Qd7 $1 {[%mdl 512]}) 32... Qxf3+ 33. Rxf3 {[%mdl 4096] Endgame KRB-KRN} (33. Nxf3 $6 Rxb5 34. Rc1 Bf8 $14) 33... Rb6 34. Rf7 h6 35. Ne4 {Threatens to win with Nc3.} Rxb5 36. Nc5 Kg8 {[#]} 37. Rb7 $1 {[%cal Rb7b5]} Rxb7 38. Nxb7 {KB-KN} Bf8 39. Nc5 {[%mdl 64] Double Attack} e5 $2 (39... h5 40. gxh5 (40. Nxe6 Bxa3 41. gxh5 Be7 $17) 40... Bh6) 40. Kg2 exd4 41. exd4 Bg7 $2 (41... Be7 42. Kf3 (42. Nxa4 Bxa3 43. Kf3 Kf7 $16) 42... Kf7) 42. Nxa4 Bxd4 43. Kf3 Kf7 44. Ke4 Ba7 45. Nc3 Kf6 46. Nb5 $2 (46. Nd5+ Ke6 47. Nf4+ Kf7 48. a4) 46... Bb8 $2 (46... Bb6 47. Nd6 h5) 47. Nd4 $2 (47. a4 $18 {and the rest is easy.} Ke7 48. a5) 47... h5 $16 48. gxh5 (48. Nf3 $16 {And now g5+ would win.} hxg4 49. hxg4) 48... gxh5 $14 49. a4 Bc7 50. Nb5 (50. Nc6 $5 {[%cal Ra4a5]} Ke6 51. Kd4 $16) 50... Ba5 51. Nd4 {Nc6 is the strong threat.} (51. Nd6 $5 {[%cal Rd6b7]} Kg5 52. Kf3 $16) 51... Bc3 {[#]} (51... Bc7 $11) 52. Nc2 (52. Nb3 $1 $16 Ke6 53. Nd4+ Kd7 54. Kd5) 52... Kg5 $11 53. Kf3 Kf5 54. Ne3+ Ke6 55. Ke4 Kd6 56. Nd5 Be1 57. Nf4 {With the idea Kd4.} h4 58. Ng2 Bg3 (58... Bf2 {feels hotter.} 59. Kf3 Bd4 60. Nxh4 Kc5 61. Ke4 Bf2) 59. Kf5 Kc5 {The position is equal.} 60. Kg4 Kb4 61. Nxh4 Bf2 62. Ng2 Kxa4 63. Kf3 Bd4 64. h4 Kb5 65. Ke4 Kc5 66. h5 Bb2 67. Ne3 Bc3 68. h6 {aiming for Kf5.} Kd6 69. Kf5 {Strongly threatening Kg6.} Bd4 70. h7 Ke7 71. Kg6 Kf8 72. Nc4 Bc3 73. Nd6 Bb2 74. Nf7 Bc3 75. Ng5 {White threatens Ne6+ and mate.} Bh8 76. Ne4 Ke7 77. Ng3 Be5 78. Nh5 {Threatening mate with Ng7.} Bh8 $1 79. Nf4 Kf8 80. Nd5 Bg7 81. Ne7 Bb2 82. Ng8 Bh8 83. Nh6 Bg7 84. Nf7 Bb2 85. Nd8 {Ne6+ would kill now.} Ke7 86. Nc6+ Kf8 87. Ne5 Bxe5 88. h8=R+ Bxh8 {Accuracy: White = 75%, Black = 73%.} 1/2-1/2

[Event "Moscow Open RSSU Cup 2020"]
[Site "Moscow"]
[Date "2020.01.31"]
[Round "7.9"]
[White "Galperin, Platon"]
[Black "Kunin, Vitaly"]
[Result "0-1"]
[WhiteElo "2460"]
[BlackElo "2533"]
[Annotator "TA"]
[PlyCount "108"]
[EventDate "2020.01.25"]
[EventType "swiss"]
[EventCountry "RUS"]
[SourceTitle "playchess.com"]
[Source "ChessBase"]
[SourceQuality "1"]

{[%evp 9,107,18,43,33,34,43,36,38,34,0,29,33,93,94,122,127,152,142,151,144,139,135,193,190,194,169,180,146,149,142,141,134,134,142,194,190,214,210,216,213,256,235,243,250,251,249,248,227,291,233,342,320,347,358,395,395,1745,222,228,19,14,15,45,56,41,50,83,97,104,101,339,342,324,304,271,0,0,0,0,0,0,0,0,0,0,0,0,0,0,0,0,0,0,-29996,-29997,-29997,-29998,-29998,-29999,-29999]} 1. e4 d6 2. d4 Nf6 3. Nc3 e5 4. Nf3 Nbd7 5. Rg1 g6 6. g4 {C41: Philidor Defence} Bg7 7. g5 Nh5 8. Be3 {White is slightly better.} O-O 9. Qd2 c6 (9... f5 $5 {[%cal Rf5f4]} 10. exf5 Rxf5 11. dxe5 Qf8 $11) 10. O-O-O b5 {[#]} (10... Qe7 $14) 11. a3 $146 ({Predecessor:} 11. dxe5 b4 12. Ne2 Qa5 13. Qxd6 Qxa2 14. Qxb4 Nxe5 15. Nxe5 Bxe5 16. Nc3 Qe6 17. Bc4 {½-½ (47) Vedmediuc,S (2445)-Eliseev,E (2403) Dnipro 2019}) 11... a5 12. d5 $1 {[%cal Rd5c6]} c5 13. Bxb5 Rb8 14. a4 Nb6 15. b3 Bh3 (15... Qc7 $16 16. Bc6 Ba6) 16. Bc6 $1 $18 Nf4 17. Rg3 Bc8 18. h4 Ba6 19. Nb5 c4 20. Kb1 (20. Qxa5 Ne2+ 21. Kb2 Nxg3 $16) 20... cxb3 21. cxb3 Nc8 (21... Bxb5 $16 22. axb5 a4) 22. Rc1 (22. Bxf4 exf4 23. Qxf4 Na7 $16) 22... Ne7 23. Ka2 $1 Rc8 24. Rgg1 (24. Bxf4 $6 exf4 25. Rg4 (25. Qxf4 Nxc6 26. dxc6 Bxb5 $11) 25... Qb6 $16) 24... f5 25. gxf6 $1 Rxf6 26. Ng5 h6 27. Bxf4 $1 exf4 28. Nf3 Rb8 29. Nbd4 Rb4 (29... Rc8 {keeps fighting.} 30. Nb5 Bxb5 31. Bxb5 Rf7) 30. Bb5 Bxb5 31. axb5 Qb6 32. Nc6 Rf7 $2 (32... Nxc6 33. dxc6 Qxb5 34. Qd5+ (34. c7 Rf8 $16) 34... Qxd5 35. exd5 Rf8 36. Rxg6 Kh7) 33. e5 $2 (33. Nxe7+ Rxe7 34. Rc8+ Kh7 35. Ng5+ $1 {[%mdl 512]} hxg5 36. hxg5) 33... Qxb5 {[#]} 34. Nxb4 $2 ({White should try} 34. Nfd4 $1 $18 Rxd4 35. Qxd4 (35. Nxd4 Qxd5 36. exd6 Qxd6 $14) 35... Nxd5 36. Rxg6 dxe5 37. Qxe5 (37. Nxe5 Nb4+ 38. Ka3 Qe2 $18)) 34... axb4 $11 35. Rgd1 Rf8 36. Kb1 Ra8 37. Rc2 $1 {[%cal Rc2a2] Threatens to win with Ra2.} (37. Rc7 $2 Qa5 $19) 37... Ra3 {[#]} 38. Qd3 $1 {[%cal Rd3b5]} Qa5 39. Kc1 dxe5 $2 (39... Qa7 $16) 40. d6 $18 e4 41. Qc4+ ({Avoid the trap} 41. dxe7 $2 Ra1+ 42. Kd2 Bc3+ 43. Qxc3 bxc3+ 44. Ke1 Rxd1+ 45. Kxd1 Kf7 $19) (41. Qxe4 Bc3 $16) 41... Kh7 42. dxe7 $2 (42. Qxe4 $18 Nf5 43. Rd3) 42... e3 $11 {( -> ...Ra1#)} 43. fxe3 fxe3 {[%cal Ra3a1]} 44. Rb2 Ra1+ $1 45. Kc2 Qf5+ $40 {[%mdl 192] Double Attack. White needs to defend precisely.} 46. Qd3 $1 {[%cal Rd3f5] Hoping for Qxf5.} Qc5+ (46... Rxd1 47. Qxf5 gxf5 48. Kxd1 Bxb2 49. e8=Q Kg7 50. Qe7+ Kg6 51. Qf8) 47. Qc4 Qf5+ {[%mdl 64] Double Attack} 48. Qd3 $1 {[%cal Rd3f5] aiming for Qxf5.} Qxf3 (48... Rxd1 49. Qxf5 gxf5 50. Kxd1 Bxb2 51. e8=Q f4 52. Qf7+ Kh8 53. h5) 49. e8=Q {[%csl Ge8][%cal Rd3g6][%mdl 64] Double Attack} Qg2+ 50. Rd2 $1 {[%cal Rd2g2]} Qg1 {[%csl Ga1][%cal Rg1c1]} 51. Qdxe3 $2 {[%mdl 8192]} (51. Rd1 $11 Qg2+ 52. Rd2) 51... Rc1+ {Black mates.} 52. Kd3 Qf1+ 53. Re2 Rc3+ {[%mdl 64] Skewer} 54. Ke4 Qf5# {Accuracy: White = 80%, Black = 51%.} 0-1